| 000 | 00581nam a2200193Ia 4500 | ||
|---|---|---|---|
| 003 | OSt | ||
| 005 | 20220831120158.0 | ||
| 008 | 220831b |||||||| |||| 00| 0 eng d | ||
| 020 | _a0313255423 | ||
| 040 | _cIFM Library | ||
| 082 | _a368.4300973 | ||
| 100 |
_aBERKOWITZ, D. Edward.(ed) _98686 |
||
| 245 | _aSocial Security After Fifty Successes and Failures | ||
| 260 |
_aNew York: _bGreenwood press _c1987 |
||
| 300 |
_aviii, 157p.: _b ill,;22cm. |
||
| 500 | _aIncludes Bibliographical Reference and Index | ||
| 650 |
_aSocial security-united states _98687 |
||
| 942 |
_cBK _2ddc _n0 |
||
| 999 |
_c7902 _d7902 |
||